000 00499nam a2200145Ia 4500
008 231129s2014||||xx |||||||||||||| ||spa||
020 _a978-958-8323-79-4
040 _bspa
082 _a918.6162 I59n
100 _aInstituto Geográfico Agustí­n Codazzi. Subdirección de Geografí­a y Cartografí­a
245 0 _aNariño: caracterí­sticas geográficas
260 _c2014
264 _aBogotá Colombia : Imprenta Nacional de Colombia
942 _2ddc
_cBKS
999 _c21594
_d21594